Sports Quiz

Random Sports or College Quiz

College Football: Unbeaten, Untied But Not #1 Quiz Stats

 Plays Quiz Updated Jan 27, 2018

Challenge
Share
Tweet
Score 0/56 Timer 06:00
5 Plays Today
Year Team % Correct
2017UCF
82%
1945Alabama
81.6%
2009Boise State
81.6%
2006Boise State
81.6%
1966Alabama
81.2%
1960Ohio
81.1%
2012Ohio State
78%
1947Michigan
76.8%
1993Auburn
72.7%
2004Auburn
72.7%
1949Oklahoma
70.3%
1954Oklahoma
70.3%
1968Penn State
68.4%
1969Penn State
68.4%
1973Penn State
68.4%
1994Penn State
68.4%
1955Miami (Ohio)
67.4%
1973Miami (Ohio)
67.4%
1946Georgia
64.4%
1954UCLA
63.9%
2008Utah
62.7%
2004Utah
62.7%
1951Michigan State
62.7%
2010TCU
62.6%
1997Nebraska
61.4%
1991Washington
59.1%
1949Army
56.1%
1945Oklahoma State
48.7%
Year Team % Correct
1952Georgia Tech
48.6%
1962Mississippi
48.2%
1964Arkansas
47.3%
1957Arizona State
46.7%
1970Arizona State
46.7%
1975Arizona State
46.7%
1948Clemson
40.9%
1960*Yale
37.5%
1951Maryland
36.8%
1976Rutgers
32%
1961Rutgers
32%
1998Tulane
27.5%
1950*Princeton
25.7%
1951*Princeton
25.7%
1964*Princeton
25.7%
1999Marshall
25.5%
1950Wyoming
19.7%
1970Toledo
18.8%
1971Toledo
18.8%
1969Toledo
18.7%
1960New Mexico State
17%
1970*Dartmouth
16.1%
1962*Dartmouth
16.1%
1965*Dartmouth
16.1%
1969San Diego State
15.7%
1959Bowling Green
14.1%
1946*Delaware
6.4%
1949*Pacific
1.8%

You're not logged in!

Compare scores with friends on all Sporcle quizzes.
OR
Log In

You Might Also Like...

Show Comments

Extras

Top Quizzes Today


Score Distribution

Your Account Isn't Verified!

In order to create a playlist on Sporcle, you need to verify the email address you used during registration. Go to your Sporcle Settings to finish the process.

Report this User

Report this user for behavior that violates our Community Guidelines.

Details: